Evaluation of numerical simulation when solving the problem of eddy current thickness measurement of non-magnetic conductive pipes; Иностранный язык в контексте проблем профессиональной коммуникации

Bibliographische Detailangaben
Parent link:Иностранный язык в контексте проблем профессиональной коммуникации.— 2015.— [С. 25-26]
1. Verfasser: Belyankov V. Y.
Körperschaft: Национальный исследовательский Томский политехнический университет (ТПУ) Физико-технический институт (ФТИ) Кафедра иностранных языков физико-технического института (ИЯФТ)
Weitere Verfasser: Goldshtein A. E. (научный руководитель), Mylnikova T. S. Tatyana Stepanovna (прочие)
Zusammenfassung:Заглавие с титульного экрана
Sprache:Englisch
Veröffentlicht: 2015
Schriftenreihe:Актуальные проблемы энергоэффективности и энергосбережения
Schlagworte:
Online-Zugang:http://earchive.tpu.ru/handle/11683/16498
http://www.lib.tpu.ru/fulltext/c/2015/C105/008.pdf
Format: MixedMaterials Elektronisch Buchkapitel
KOHA link:https://koha.lib.tpu.ru/cgi-bin/koha/opac-detail.pl?biblionumber=615770

MARC

LEADER 00000naa2a2200000 4500
001 615770
005 20231101132856.0
035 |a (RuTPU)RU\TPU\conf\13986 
035 |a RU\TPU\conf\13985 
090 |a 615770 
100 |a 20151121d2015 k y0rusy50 ba 
101 0 |a eng 
102 |a RU 
105 |a y z 101zy 
135 |a drcn ---uucaa 
181 0 |a i  
182 0 |a b 
200 1 |a Evaluation of numerical simulation when solving the problem of eddy current thickness measurement of non-magnetic conductive pipes  |f V. Y. Belyankov  |g sci. ad. A. E. Goldshtein, lingv. T. S. Mylnikova 
203 |a Текст  |c электронный 
225 1 |a Актуальные проблемы энергоэффективности и энергосбережения 
230 |a 1 компьютерный файл (pdf; 448 Кb) 
300 |a Заглавие с титульного экрана 
320 |a [Библиогр.: с. 26 (3 назв.)] 
337 |a Adobe Reader 
463 0 |0 (RuTPU)RU\TPU\conf\13662  |t Иностранный язык в контексте проблем профессиональной коммуникации  |o материалы II Международной научной конференции , 27-29 апреля 2015 г., Томск  |f Национальный исследовательский Томский политехнический университет (ТПУ) ; Российский гуманитарный научный фонд (РГНФ)  |v [С. 25-26]  |d 2015 
610 1 |a труды учёных ТПУ 
610 1 |a электронный ресурс 
610 1 |a электропроводящие трубы 
700 1 |a Belyankov  |b V. Y. 
702 1 |a Goldshtein  |b A. E.  |4 727 
702 1 |a Mylnikova  |b T. S.  |c linguist  |c Senior Lecturer of Tomsk Polytechnic University  |f 1959-  |g Tatyana Stepanovna  |2 stltpush  |4 570 
712 0 2 |a Национальный исследовательский Томский политехнический университет (ТПУ)  |b Физико-технический институт (ФТИ)  |b Кафедра иностранных языков физико-технического института (ИЯФТ)  |h 6715  |2 stltpush  |3 (RuTPU)RU\TPU\col\18736 
801 2 |a RU  |b 63413507  |c 20210224  |g RCR 
856 4 |u http://earchive.tpu.ru/handle/11683/16498 
856 4 |u http://www.lib.tpu.ru/fulltext/c/2015/C105/008.pdf 
942 |c BK